| 000 | 00000nam##2200000za#4500 |
| 001 | 9.642163 |
| 003 | CaOODSP |
| 005 | 20210624223553 |
| 007 | cr ||||||||||| |
| 008 | 150407|1999||||xxc|||||o f|0| 0 fre|d |
| 040 | |aCaOODSP|bfre |
| 043 | |an-cn--- |
| 086 | 1 |aRH64-102/2002F-PDF |
| 110 | 1 |aCanada.|bDéveloppement des ressources humaines Canada. |bPolitique stratégique. |
| 245 | 10|aInitiatives stratégiques - évaluation formative de « Se prendre en main! » du Manitoba - Volume I : |h[ressource électronique]|brapport final / |c[par] Évaluation et développement des données. |
| 260 | |aOttawa - Ontario : |bDéveloppement des ressources humaines Canada. |cAvril 1999. |
| 300 | |a244p.|bfigures, tableaux |
| 590 | |a13-16-Supp|b2013-07-12 |
| 775 | 08|tStrategic initiatives - summative evaluation of Manitoba's Taking Charge! - Volume I : |w(CaOODSP)9.698170 |
| 856 | 40|ahttp://publications.gc.ca|qPDF|s1007 Ko|uhttps://publications.gc.ca/collections/collection_2013/rhdcc-hrsdc/RH64-102-1999-fra.pdf |
| 986 | |aSP-AH109-04-99F |